[Event "Challenge"]
[Site "http://www.queenalice.com/game.php?id=718719"]
[Date "2010.1.23"]
[Round "-"]
[White "srrogers"]
[Black "dwrogers"]
[Result "0-1"]
[WhiteElo "1245"]
[BlackElo "1562"]

1. e4 e5 2. Nf3 Nc6 3. Bb5 Qf6 4. Bxc6 Qxc6 5. d3 Nf6 6. Bg5 Bd6 7. Bxf6 O-O 8.
O-O gxf6 9. a3 b6 10. Nc3 a5 11. Nd5 Qc5 12. Nxf6+ Kg7 13. Nh5+ Kg6 0-1

[Event "Challenge"]
[Site "http://www.queenalice.com/game.php?id=741502"]
[Date "2010.3.5"]
[Round "-"]
[White "srrogers"]
[Black "dwrogers"]
[Result "0-1"]
[WhiteElo "1214"]
[BlackElo "1467"]

1. e4 e5 2. Qf3 Qf6 3. Qxf6 Nxf6 4. d3 Bc5 5. Bg5 Ng4 6. Be2 d6 7. Bxg4 O-O 8.
Bxc8 Rxc8 9. Nc3 c6 10. Na4 f6 11. Be3 Bxe3 12. fxe3 Nd7 13. O-O-O b5 14. Nc3
Nc5 15. Nf3 b4 16. b3 a5 17. Na4 Nxa4 18. bxa4 c5 19. g4 c4 20. c3 cxd3 21. Rxd3
bxc3 22. Rxd6 Rab8 23. Kc2 Rb2+ 24. Kd3 c2 25. Kd2 Rb1 0-1

[Event "Challenge"]
[Site "http://www.queenalice.com/game.php?id=743684"]
[Date "2010.3.9"]
[Round "-"]
[White "srrogers"]
[Black "dwrogers"]
[Result "0-1"]
[WhiteElo "1195"]
[BlackElo "1453"]

1. e4 e5 2. Nf3 Nc6 3. Bb5 Nf6 4. d3 Be7 5. Bxc6 dxc6 6. Nxe5 O-O 7. O-O Qd4 8.
h3 Qxe5 9. Nc3 b5 10. g3 Bxh3 11. d4 Qe6 12. Ne2 Bxf1 13. Qxf1 Nxe4 14. Bf4 Rac8
15. f3 Nf6 16. Rd1 c5 17. dxc5 Nd5 18. Qf2 c6 19. Nd4 Qf6 20. c3 Nxf4 21. gxf4
Qxf4 22. b4 Bh4 23. Qe2 Rce8 24. Qg2 Qe3+ 25. Kh2 Qf4+ 26. Kh3 Rd8 27. Nxc6 Rxd1
28. Ne7+ Kh8 29. Nc6 g5 30. Nxa7 Rfd8 31. Qg4 Rh1+ 32. Kg2 Qh2# 0-1

[Event "srrogers"]
[Site "http://www.queenalice.com/game.php?id=758430"]
[Date "2010.4.9"]
[Round "-"]
[White "foda"]
[Black "srrogers"]
[Result "1-0"]
[WhiteElo "1432"]
[BlackElo "1238"]

1. e4 e5 2. Bc4 Qf6 3. Nf3 d6 4. d3 Bg4 5. h3 Bxf3 6. Qxf3 Qxf3 7. gxf3 Nf6 8.
Bg5 Nc6 9. Na3 Na5 10. b4 Nxc4 11. dxc4 Nh5 12. Nb5 Rc8 13. Nxa7 Ra8 14. Nb5 Rc8
15. Na7 Ra8 16. Nb5 Rc8 17. Na7 Ra8 18. Nb5 Rc8 19. a4 f6 20. Be3 Be7 21. Na7
Rb8 22. b5 b6 23. Nc6 Rb7 24. a5 g6 25. axb6 Kf7 26. bxc7 Rxc7 27. Bb6 Rb7 28.
Ra6 Nf4 29. Rg1 Bd8 30. Ra8 Rxb6 31. Nxd8+ Ke7 32. Nc6+ Ke6 33. Rxh8 Ra6 34.
bxa6 Kd7 35. a7 1-0

[Event "Challenge"]
[Site "http://www.queenalice.com/game.php?id=773911"]
[Date "2010.5.11"]
[Round "-"]
[White "Petrucio"]
[Black "srrogers"]
[Result "1-0"]
[WhiteElo "1444"]
[BlackElo "1230"]

1. c4 c5 2. d3 d6 3. h4 Na6 4. f4 Nh6 5. e4 Bg4 6. Qb3 Qa5+ 7. Bd2 Qb6 8. Qa3
O-O-O 9. Ba5 Qc6 10. Be2 Rd7 11. Nc3 b6 12. Nd5 Bxe2 13. Nxe2 bxa5 14. Qxa5 Rb7
15. Qd2 e6 16. Ndc3 Ng4 17. Qc2 Nb4 18. Qd2 Be7 19. a3 1-0

[Event "Challenge"]
[Site "http://www.queenalice.com/game.php?id=781047"]
[Date "2010.5.26"]
[Round "-"]
[White "Petrucio"]
[Black "srrogers"]
[Result "1-0"]
[WhiteElo "1400"]
[BlackElo "1223"]

1. h4 Nh6 2. b4 b5 3. e4 Bb7 4. Ke2 Bxe4 5. f3 Bc6 6. d4 d5 7. f4 e6 8. Ke3 Nf5+
9. Kf3 Na6 10. Qd3 Nxb4 11. Qb3 Bd6 12. c3 Na6 13. Qc2 1-0

[Event "Challenge"]
[Site "http://www.queenalice.com/game.php?id=786304"]
[Date "2010.6.6"]
[Round "-"]
[White "Petrucio"]
[Black "srrogers"]
[Result "1-0"]
[WhiteElo "1453"]
[BlackElo "1208"]

1. e4 e5 2. Nf3 d6 3. Bc4 Bg4 4. h3 Qf6 5. d3 Bxf3 6. gxf3 Nc6 7. h4 O-O-O 8.
Bg5 Qg6 9. c3 Na5 10. Qa4 Nc6 11. Rg1 a6 12. Kf1 Qh5 13. Qb3 Qxh4 14. Bxh4 Rd7
15. a4 Na5 16. Qb4 Nc6 17. Qb3 Nf6 18. Bxf6 gxf6 19. Bd5 Bh6 20. Rh1 Na5 21. Qb4
b6 22. Rxh6 Nc6 23. Bxc6 Rdd8 24. Qc4 Rdf8 25. Qxa6+ Kd8 26. Rxf6 h5 27. Qb7 h4
28. Qb8+ Ke7 29. Qxc7+ Kxf6 30. Qxd6+ Kg7 31. Qxe5+ f6 32. Qe7+ Kg8 33. Bd5+ 1-0

[Event "Challenge"]
[Site "http://www.queenalice.com/game.php?id=795929"]
[Date "2010.6.27"]
[Round "-"]
[White "Petrucio"]
[Black "srrogers"]
[Result "1-0"]
[WhiteElo "1428"]
[BlackElo "1202"]

1. a4 a5 2. g4 g5 3. Nf3 h6 4. e4 Nc6 5. h4 gxh4 6. Rxh4 Bg7 7. d4 Nf6 8. Qd3
Nb4 9. Qb3 Nxe4 10. g5 hxg5 11. Rxe4 Rh1 12. Nxg5 e6 13. c3 Nd5 14. c4 Nb4 15.
Rf4 Bxd4 16. Na3 Qxg5 17. Rxd4 e5 18. Bxg5 c5 19. Nb5 Kf8 20. Rd6 Rh5 21. Be3 b6
22. Kd2 Ba6 23. Nc7 Rc8 24. Nxa6 Ke7 25. Rxb6 Nxa6 26. Rxa6 Rh1 27. Ke2 Ke8 28.
Ra7 f5 29. Qb7 1-0

[Event "Challenge"]
[Site "http://www.queenalice.com/game.php?id=805206"]
[Date "2010.7.18"]
[Round "-"]
[White "Petrucio"]
[Black "srrogers"]
[Result "1-0"]
[WhiteElo "1337"]
[BlackElo "1189"]

1. e4 e5 2. Qh5 g6 3. Qxe5+ Ne7 4. Qxh8 d6 5. Bc4 Be6 6. Bb5+ c6 7. Ba4 b5 8.
Bb3 Bxb3 9. cxb3 Na6 10. Qxh7 Nb4 11. Kd1 Nd3 12. Qh3 Nxc1 13. Kxc1 Qb6 14. b4
Qxf2 15. Qf3 Qxf3 16. Nxf3 O-O-O 17. a4 bxa4 18. Rxa4 Rd7 19. Rf1 d5 20. e5 Rb7
21. Ng5 Nf5 22. Nxf7 Bxb4 23. e6 d4 24. Ra6 Kc7 25. Ne5 Rb6 26. Rxa7+ Rb7 27.
Ra2 Nh4 28. Ra6 Rb6 29. Ra7+ Rb7 30. Ra4 Rb5 31. Nf3 Nxg2 32. Nxd4 Rb6 33. Nc2
c5 34. e7 Re6 35. Rf7 Kd7 36. Ra7+ Kd6 37. Nxb4 g5 38. Ra6+ Kd7 39. Ra7+ Kd6 40.
Ra8 Rxe7 41. Ra6+ Ke5 42. Rxe7+ Kf5 43. Rf7+ Kg4 44. Nd5 Kh3 45. Rh7+ Nh4 46.
Ra3+ Kxh2 47. Rh5 Kh1 48. Rxg5 Nf3 49. Rxf3 1-0

[Event "Challenge"]
[Site "http://www.queenalice.com/game.php?id=814378"]
[Date "2010.8.6"]
[Round "-"]
[White "Petrucio"]
[Black "srrogers"]
[Result "0-1"]
[WhiteElo "1393"]
[BlackElo "1179"]

1. e4 e5 2. Qh5 Nc6 3. Bc4 Qf6 4. c3 d6 5. d4 exd4 6. Bg5 g6 7. Qh4 Qg7 8. Bf6
Nxf6 9. Na3 g5 10. Qg3 Nxe4 11. Qf3 Nf6 12. Bd5 Ne5 13. Qd1 dxc3 14. bxc3 Bg4
15. f3 Bd7 16. Bxb7 Rb8 17. Ba6 d5 18. Qd4 Nc6 19. h4 Nxd4 20. cxd4 Bxa3 21. Rd1
Ba4 22. Rd3 Be7 23. Rc3 Kd8 24. g4 Bb4 25. Kd2 Bxc3+ 26. Kxc3 Rb6 27. Bd3 Qf8
28. hxg5 Qa3+ 29. Kd2 Re8 30. Rh6 Qxa2+ 31. Kc3 Rc6+ 32. Kb4 Qb3+ 33. Ka5 Qb5+
34. Bxb5 Bxb5 35. Kxb5 Rb6+ 36. Kc5 Re1 37. Nh3 Kd7 38. gxf6 Rc1+ 39. Kxd5 c6+
40. Ke5 Rb5+ 41. Kf4 Ke6 42. g5 Rf5+ 43. Kg4 Rc4 44. Rxh7 Rxd4+ 45. Kh5 Rxf3 46.
Rh8 Rxh3# 0-1

[Event "Challenge"]
[Site "http://www.queenalice.com/game.php?id=823602"]
[Date "2010.8.26"]
[Round "-"]
[White "Petrucio"]
[Black "srrogers"]
[Result "1-0"]
[WhiteElo "1308"]
[BlackElo "1204"]

1. e4 e5 2. Qh5 d6 3. Bc4 Nh6 4. d3 Nc6 5. Bxh6 Qe7 6. Bg5 Nd4 7. Bxe7 Nxc2+ 8.
Kd1 Nxa1 9. Qxf7+ Kd7 10. Bxf8+ Kc6 11. Bxg7 Rd8 12. Qd5+ Kb6 13. Bb5 a6 14. Bc4
c6 15. Qf7 Rd7 16. Qg8 d5 17. Bxe5 dxc4 18. b4 Rxd3+ 19. Ke2 Nc2 20. Qxc4 Rd7
21. Qxc2 Re7 22. Qc5# 1-0

[Event "Challenge"]
[Site "http://www.queenalice.com/game.php?id=828636"]
[Date "2010.9.6"]
[Round "-"]
[White "Petrucio"]
[Black "srrogers"]
[Result "1-0"]
[WhiteElo "1368"]
[BlackElo "1192"]

1. e4 e5 2. Qh5 g6 3. Qxe5+ Qe7 4. Qxh8 Nf6 5. d3 Qe5 6. g3 Nc6 7. f4 Qd4 8. Ne2
Qc5 9. Qxf6 Qe7 10. Qh8 Nb4 11. Kd1 c6 12. e5 Qe6 13. c3 Nxd3 14. Be3 g5 15. Nd4
Nxb2+ 16. Kc1 Na4 17. Nxe6 dxe6 18. Qxh7 Nc5 19. Qh8 Ke7 20. f5 exf5 21. Qf6+
Ke8 22. Bc4 Be6 23. h4 Bxc4 24. hxg5 Be7 25. Qh8+ Bf8 26. a4 Bb3 27. Bxc5 Rd8
28. Qxf8+ Kd7 29. Qe7+ Kc8 30. Kb2 Bd5 31. Rf1 b6 32. Qxa7 bxc5 33. Rxf5 c4 34.
Qa8+ 1-0

[Event "Challenge"]
[Site "http://www.queenalice.com/game.php?id=838001"]
[Date "2010.9.25"]
[Round "-"]
[White "Petrucio"]
[Black "srrogers"]
[Result "1-0"]
[WhiteElo "1408"]
[BlackElo "1183"]

1. e4 e5 2. Qh5 g6 3. Qf3 Qf6 4. Nc3 Qxf3 5. Nxf3 d6 6. Bc4 Bg4 7. Nd5 Na6 8.
Bxa6 bxa6 9. Nxc7+ Kd7 10. Nxa8 Bxf3 11. gxf3 Nh6 12. d3 Be7 13. Nb6+ Kc7 14.
Nc4 d5 15. Nxe5 Bd6 16. Bf4 f6 17. Bxh6 fxe5 18. Bg7 Rb8 19. b3 Bb4+ 20. Ke2 Bc3
21. Rag1 Rg8 22. Bf6 dxe4 23. dxe4 Rd8 24. Rd1 Rf8 25. Bg7 Rg8 26. Rd3 Bd4 27.
Bf6 Kd7 28. c3 Ke6 29. Bh4 g5 30. cxd4 gxh4 31. d5+ Kd6 32. Rc3 Kd7 33. Rhc1 h5
34. Rc7+ 1-0

[Event "Challenge"]
[Site "http://www.queenalice.com/game.php?id=844679"]
[Date "2010.10.12"]
[Round "-"]
[White "Petrucio"]
[Black "srrogers"]
[Result "1-0"]
[WhiteElo "1422"]
[BlackElo "1176"]

1. e4 e5 2. Qh5 d6 3. Bc4 Be6 4. Bb5+ c6 5. Ba4 b5 6. Bb3 Bxb3 7. axb3 Nf6 8.
Qg5 Na6 9. Rxa6 h6 10. Qf5 g6 11. Qf3 Qc8 12. Ra3 b4 13. Ra4 Qd8 14. Rxb4 d5 15.
d3 Bxb4+ 16. c3 Bd6 17. b4 a5 18. g4 axb4 19. h4 Rb8 20. c4 dxc4 21. dxc4 c5 22.
Ke2 Qa5 23. Qxf6 Qd8 24. Qxh8+ Bf8 25. Qxe5+ Be7 26. Bxh6 f6 27. Qe6 Rb6 28.
Qg8+ Bf8 29. Qxf8+ Kd7 30. Qf7+ Kc8 31. Qxg6 f5 32. Qxf5+ Qd7 33. Bf8 Qxf5 34.
exf5 Kd8 35. Bxc5 Rb7 36. f6 b3 37. h5 Rc7 38. Bb6 Kc8 39. Bxc7 Kxc7 40. f7 1-0

[Event "Challenge"]
[Site "http://www.queenalice.com/game.php?id=844682"]
[Date "2010.10.12"]
[Round "-"]
[White "Petrucio"]
[Black "srrogers"]
[Result "1-0"]
[WhiteElo "1448"]
[BlackElo "1170"]

1. e4 e5 2. Qh5 Nh6 3. Bc4 d6 4. Qf3 Bg4 5. Qb3 b6 6. Qd3 Be6 7. b3 Nc6 8. Nf3
Bxc4 9. Qxc4 Qd7 10. Ng5 Na5 11. Qd5 Be7 12. Qxa8+ Qd8 13. Qxa7 O-O 14. h4 Nc6
15. Qa6 Nb4 16. Qc4 d5 17. exd5 Qd6 18. Ne4 Qxd5 19. f3 Nf5 20. Kd1 Qxc4 21.
bxc4 Ra8 22. a3 Nc6 23. Nbc3 Ncd4 24. Nd5 Bc5 25. Nxc7 Ra7 26. a4 Rxc7 27. c3
Nb3 28. Rb1 Nxc1 29. Kxc1 Ba3+ 30. Kc2 Rxc4 31. Nf2 Rxa4 32. Kb3 Ra6 33. g4 Ng3
34. Rh3 Ne2 35. h5 Nf4 36. Rg3 b5 37. Re1 f6 38. Ne4 Nd3 39. Ra1 Nc5+ 40. Kc2 f5
41. gxf5 Nxe4 42. fxe4 Ra4 43. Kb3 Kf7 44. Rxa3 Rxe4 45. d3 Re1 46. Rg5 Kf6 47.
Rg4 Kxf5 48. Rxg7 h6 49. Ra5 Kf6 50. Rg6+ Kf5 51. Rxb5 Re3 52. Rxh6 Rxd3 53. Rc5
Kf4 54. Rf6+ Ke3 55. Rxe5+ Kd2 56. h6 Rd7 57. Rf8 Rb7+ 58. Kc4 Rc7+ 59. Kd4 Rxc3
60. Rf2+ 1-0

[Event "Challenge"]
[Site "http://www.queenalice.com/game.php?id=856252"]
[Date "2010.11.8"]
[Round "-"]
[White "Petrucio"]
[Black "srrogers"]
[Result "1-0"]
[WhiteElo "1415"]
[BlackElo "1158"]

1. Nf3 d6 2. Ng5 Be6 3. d4 h6 4. Ne4 Nc6 5. c3 Nf6 6. f3 Bf5 7. Ng3 Bxb1 8. Rxb1
e5 9. e4 Na5 10. Qa4+ c6 11. b4 Nc4 12. Bxc4 Qd7 13. b5 Be7 14. Bb3 cxb5 15. Qb4
d5 16. Qa5 dxe4 17. dxe5 exf3 18. gxf3 b6 19. Qa6 Rd8 20. Ne2 Nd5 21. Bxd5 Qxd5
22. Rxb5 Qd1+ 23. Kf2 Qxh1 24. Qxa7 Bh4+ 25. Ke3 Qxh2 26. Ke4 Qxe2+ 27. Be3 Rd3
28. Qa8+ Bd8 29. Qc6+ Rd7 30. a4 Qc4+ 31. Qxc4 O-O 32. Qc6 Rc7 33. Qd6 Rb7 34.
e6 Re8 35. Re5 Bf6 36. Rf5 Rxe6+ 37. Kd5 Ree7 38. Qd8+ Kh7 39. Bxb6 Red7+ 40.
Qxd7 Rxd7+ 41. Kc6 Rd3 42. c4 Kg6 43. Rc5 Rxf3 44. a5 Re3 45. a6 Re6+ 46. Kb5 h5
47. a7 Re8 48. Ka6 Bd4 49. Rc6+ Bf6 50. c5 h4 51. Kb7 Re7+ 52. Bc7 Kg5 53. a8=R
h3 54. Rh8 Kg4 55. Kb6 Re2 56. Rf8 Be5 57. Bd8 h2 58. Rh8 Kg3 59. Rh5 f6 60. Rh7
g5 61. Rxf6 Bxf6 62. Bxf6 Re6+ 63. c6 Kg2 64. Bxg5 h1=Q 65. Kb7 Qxh7+ 66. c7 Re8
67. Bd8 Qb1+ 68. Kc6 Re6+ 69. Kd7 Qb6 70. c8=Q Re2 71. Bxb6 1-0

[Event "Challenge"]
[Site "http://www.queenalice.com/game.php?id=859975"]
[Date "2010.11.17"]
[Round "-"]
[White "Petrucio"]
[Black "srrogers"]
[Result "1-0"]
[WhiteElo "1401"]
[BlackElo "1165"]

1. e4 e5 2. Qe2 Qe7 3. Qc4 Nf6 4. Bd3 Nc6 5. f4 d6 6. Qb3 Be6 7. Qxb7 Qd8 8. Bb5
Bd7 9. c3 g6 10. Bc4 Nxe4 11. a4 Na5 12. Qxe4 Bf5 13. Qd5 Nxc4 14. Qxc4 Bxb1 15.
Rxb1 Rb8 16. h4 d5 17. Qe2 Qe7 18. fxe5 Bg7 19. d4 O-O 20. h5 f6 21. h6 Bxh6 22.
Bxh6 Rfe8 23. Qf3 Red8 24. Qxf6 Qxf6 25. exf6 Re8+ 26. Kd2 Re6 27. Bg7 c6 28. b4
a5 29. Rf1 axb4 30. Rh6 Rbe8 31. f7+ Kxg7 32. Rh3 Rf8 33. Rhf3 Re7 34. cxb4
Rexf7 35. Rc1 h5 36. Rxc6 h4 37. Rh3 g5 38. Rh2 Rf2+ 39. Kc3 Rf1 40. Nh3 g4 41.
Ng5 Kg8 42. Rxh4 g3 43. Rg4 Rc1+ 44. Kd2 Rg1 45. Rg6+ Kh8 46. Rh4# 1-0

[Event "Challenge"]
[Site "http://www.queenalice.com/game.php?id=862188"]
[Date "2010.11.22"]
[Round "-"]
[White "Marcos_197"]
[Black "srrogers"]
[Result "1-0"]
[WhiteElo "1616"]
[BlackElo "1152"]

1. e4 e5 2. Nf3 d6 3. Bc4 Be6 4. d3 Bg4 5. h3 Bxf3 6. Qxf3 Nf6 7. Nc3 Nc6 8. Nd5
Nd4 9. Qd1 Nxd5 10. Bxd5 c6 11. Bb3 Nxb3 12. axb3 d5 13. exd5 cxd5 14. Qf3 f6
15. c4 Bb4+ 16. Bd2 Bxd2+ 17. Kxd2 O-O 18. Rhd1 g6 19. h4 dxc4 20. bxc4 f5 21.
Ke2 e4 22. dxe4 Qxh4 23. Rd4 a6 24. Rad1 b5 25. c5 Rac8 26. b4 Rfe8 27. Kf1 fxe4
28. Qb3+ Kg7 29. Rd7+ Kh8 30. Qf7 Rg8 31. g3 Qh1+ 32. Ke2 Qf3+ 33. Qxf3 Rge8 34.
Qf7 1-0

[Event "Challenge"]
[Site "http://www.queenalice.com/game.php?id=876047"]
[Date "2010.12.24"]
[Round "-"]
[White "Petrucio"]
[Black "srrogers"]
[Result "1-0"]
[WhiteElo "1515"]
[BlackElo "1150"]

1. d4 d5 2. g3 Nf6 3. Nc3 e6 4. e4 Bb4 5. Qd3 Bxc3+ 6. bxc3 Nxe4 7. c4 Nf6 8. f3
O-O 9. Qa3 dxc4 10. Bg5 Nc6 11. Ne2 e5 12. Bxf6 Qxf6 13. h4 Bf5 14. Qb2 exd4 15.
Rc1 b6 16. g4 Be6 17. Qb5 Bd7 18. g5 Qd6 19. Qxc4 Be6 20. Qa6 Nb4 21. Qb7 Rab8
22. Qxa7 Bc4 23. a3 Na2 24. Rb1 Bxe2 25. Bxe2 Qe7 26. Rg1 Nc3 27. Rb4 1-0

[Event "Challenge"]
[Site "http://www.queenalice.com/game.php?id=877516"]
[Date "2010.12.27"]
[Round "-"]
[White "Petrucio"]
[Black "srrogers"]
[Result "1-0"]
[WhiteElo "1513"]
[BlackElo "1152"]

1. e4 e5 2. d3 Nc6 3. c3 Qf6 4. Nf3 h6 5. d4 exd4 6. e5 Nxe5 7. cxd4 Nxf3+ 8.
gxf3 d5 9. Qa4+ c6 10. Be3 b5 11. Qa5 Ne7 12. Rg1 Nf5 13. Nc3 Bd6 14. f4 Nxe3
15. fxe3 Qd8 16. Qxd8+ Kxd8 17. a4 Bb4 18. a5 Bxc3+ 19. bxc3 g6 20. Rg2 Bh3 21.
Rg3 Bxf1 22. Kxf1 Rf8 23. Rb1 1-0